| 000 | 00721nam a22001577a 4500 | ||
|---|---|---|---|
| 003 | OSt | ||
| 005 | 20150927155144.0 | ||
| 008 | 150927b xxu||||| |||| 00| 0 eng d | ||
| 040 | _cRUA | ||
| 082 | _aATM.Sp NOU 2003 B058 Or.1 | ||
| 100 |
_91436 _aNOU, KIHEN. |
||
| 245 | _aObservation yield trail on maize variety GBNDN (V.N) and local variety phsar koky in wet season 2000, ការសិក្សាតាមដាននិងវាយតំលៃទិន្នផលពូជពោតGBNDN និងពូជក្នុងស្រុកផ្សារគគួរ នារដូវវស្សាឆ្នាំ២០០២ | ||
| 260 |
_aPhnom Penh _bRUA _c2003 |
||
| 300 |
_a56p. _bill. _c29cm. |
||
| 942 |
_2ddc _cATMSP |
||
| 999 |
_c1350 _d1350 |
||